| 000 | 00830nam1a22002411i 4500 | ||
|---|---|---|---|
| 001 | rc\4877349 | ||
| 005 | 20240724134516.0 | ||
| 035 | _a(NLR Aleph) 008824995 | ||
| 090 |
_a8246065 _c8246065 |
||
| 100 | _a20130426g1958 |||y0rusy50 ca | ||
| 101 | 1 |
_arus _ccze |
|
| 102 | _aRU | ||
| 105 | _a z ||||| | ||
| 200 | 1 |
_aСочинения _eВ 5 т. _eПер. с чеш. _fРед. коллегия: Н.А. Аросева [и др. _gСост. и предисл., с. 5-27, С.В. Никольского. Т. 1- |
|
| 210 |
_aМосква _cГослитиздат _d1958- |
||
| 215 | _d21 | ||
| 700 | 1 |
_aЧапек _bК. _f1890-1938 _gКарел |
|
| 702 | 1 |
_aНикольский _bС.В. _4220 _4080 |
|
| 702 | 1 |
_aАросева _bН.А. _4340 |
|
| 801 | 0 |
_aRU _bNLR _gpsbo |
|
| 801 | 1 |
_aRU _bELAR _2rusmarc |
|
| 852 |
_aNLR _j59-3/684 |
||
| 942 | _cBOOK | ||